Vista normal
Vista MARC
Entrada Topical Term
Número de registros utilizados en: 2
001 - CONTROL NUMBER
- control field: 40900
003 - CONTROL NUMBER IDENTIFIER
- control field: OSt
005 - DATE AND TIME OF LATEST TRANSACTION
- control field: 20211001125700.0
008 - FIXED-LENGTH DATA ELEMENTS
- fixed length control field: 211001|| aca||aabn | a|a d
040 ## - CATALOGING SOURCE
- Original cataloging agency: OSt
- Transcribing agency: OSt
150 ## - HEADING--TOPICAL TERM
- Topical term or geographic name entry element: Industrialización
- General subdivision: Zonas de desarrollo
670 ## - SOURCE DATA FOUND
- Source citation: Work cat.: (OSt)12533: Fajnzylber, Fernando, autor 28496, Industrialización e internacionalización en américa latina / , 1980.